Devine le jeu Animal Crossing - Mort subite - Statistiques

Statistiques générales
  • Ce quiz a été pris 96 fois
    74 depuis la dernière actualisation
  • Le résultat moyen est 8 sur 12
Answers on the Grid
Answers color-coded by a green-red scale on the quiz's grid according to % correct below.
Animal Crossing : New Life
Animal Crossing : Wide World
Animal Crossing : Amiibo Festival
Animal Crossing : Let's go to the Town
Animal Crossing
Animal Crossing : New Worlds
Animal Crossing : Happy Home Designer
Animal Crossing : New Leaf
"Dobutsu no Mori +"
Animal Crossing : Wii Festival
Animal Crossing : New Horizons
Animal Crossing : Wild World
Animal Crossing : Pocket Camp
Animal Crossing : Let's go to the City
Animal Crossing : On Smartphone
Animal Crossing Plaza
Animal Crossing: New Beginnings
Animal Crossing Place
"Dobutsu no Mori"
Animal Crossing : Happy House Designer
"Animal no Mori"
Animal Crossing: Green Horizons
"Dobutsu no Mori e+"
 
Statistiques - réponses
Réponse % Correct
Animal Crossing : New Leaf
95%
Animal Crossing : Pocket Camp
90%
Animal Crossing : Happy Home Designer
83%
Animal Crossing
81%
Animal Crossing : New Horizons
81%
Animal Crossing : Amiibo Festival
78%
Animal Crossing : Let's go to the City
76%
Animal Crossing : Wild World
76%
"Dobutsu no Mori"
50%
"Dobutsu no Mori +"
45%
"Dobutsu no Mori e+"
28%
Animal Crossing Plaza
24%
Aucun quiz correspondant
Distribution des résultats
% des personnes avec chaque résultat
Percentile par nombre de réponses
Votre historique - résultats
Vous n’avez pas pris ce quiz depuis la dernière actualisation